| 000 | 01025nam a2200289 a 4500 | ||
|---|---|---|---|
| 001 | 000024548 | ||
| 005 | 20240731114020.0 | ||
| 008 | 110131s1972 ag a r 000 | spa d | ||
| 040 |
_aDO-SdBNP _bspa _cBNPHU |
||
| 041 | 1 | 7 |
_aeng _hspa _2Código de idioma MARC |
| 082 |
_a330.16 _bB786j |
||
| 100 | 1 |
_aBowie, Norman E. _950312 |
|
| 240 | 1 | 0 |
_aTowards a new theory of distributive justice. _lEspañol |
| 245 | 1 | 0 |
_aJusticia distributiva / _cNorman E. Bowie; traducción Manuel Barberá. |
| 260 |
_aBuenos Aires, (Argentina) : _bEdiciones Economía y Empresa , _c1972. |
||
| 300 |
_a163 p. ; _c23 cm. |
||
| 490 | 1 | _aLa Empresa | |
| 534 |
_aTítulo original en inglés : _tTowards a new theory of distributive justice |
||
| 504 | _aIncluye referencias bibliográficas | ||
| 650 | 4 |
_aDistribución ( teoría económica) _950313 |
|
| 650 | 4 |
_aRiquezas _950314 |
|
| 650 | 0 |
_aPobreza _91525 |
|
| 650 | 0 |
_aEconomía política _95976 |
|
| 700 | 1 |
_aBarberá, Manuel, _etr. _99940 |
|
| 830 | 0 |
_aLa Empresa _946099 |
|
| 049 | _aBNGR | ||
| 999 |
_c24041 _d24041 |
||